| 000 | 00633nam a2200181Ia 4500 | ||
|---|---|---|---|
| 008 | 240729s9999 xx 000 0 und d | ||
| 022 | _a1881-3054 | ||
| 245 | 0 | _aJournal of Advanced Mechanical Design, Systems, and Manufacturing | |
| 260 | _aJapan | ||
| 260 | _bThe Japan Society of Mechanical Engineers | ||
| 650 | _a Engineering (General). Civil engineering (General) | ||
| 650 | _a Engineering machinery, tools, and implements | Technology | ||
| 650 | _a Mechanical engineering and machinery | ||
| 650 | _aTechnology | ||
| 856 | _uhttps://doaj.org/toc/ad763b266da24c758e5eab36e0b77b3c | ||
| 942 | _2ddc | ||
| 942 | _cDOAJEJ | ||
| 999 |
_c66216 _d66216 |
||
| 945 |
_a1 _bMadushi Gamage _c1 _dMadushi Gamage |
||